000 00402nam a2200181Ia 4500
005 20250423094945.0
008 250422s9999 xx 000 0 und d
020 _a0-495-81083-4
050 _aGN316.N36
100 _aSerena Nanda
245 0 _aCultural anthropology
260 _aNew York
260 _bWadsworth
260 _c2007
300 _a426 p
650 _aAnthropology
942 _cBK
999 _c28808
_d28808